000 00436nam a2200109Ia 4500
008 171212s9999 xx 000 0 und d
100 _aFain, Terry;Turner, Susan;Ridgeway, Greg
245 _cFain, Terry;Turner, Susan;Ridgeway, Greg
_aLos Angeles County Juvenile Justice Crime Prevention Act
_bFiscal Year 2010–2011 Report
260 _bRAND Corporation
_c2012
650 _aEducation
856 _uwww.jstor.org/stable/10.7249/j.ctt3fh0ms
999 _c352280
_d352280